Visualizzazione normale
Vista MARC
- Gasparini Francesco
di Personal Name
Records bibliografici associati: 1
001 - CONTROL NUMBER
- control field: 7834
003 - CONTROL NUMBER IDENTIFIER
- control field: IT-RoPau
005 - DATE AND TIME OF LATEST TRANSACTION
- control field: 20140106205657.0
008 - FIXED-LENGTH DATA ELEMENTS
- fixed length control field: 140106|| aca||aabn | a|a d
040 ## - CATALOGING SOURCE
- Original cataloging agency: IT-RoPau
- Transcribing agency: IT-RoPau
100 ## - HEADING--PERSONAL NAME
- Personal name: Gasparini Francesco
- Dates associated with a name: Codice autore musica SPICS: 14271
- Relator term: Autore musica
- Name of part/section of a work: Presto in do minore
670 ## - SOURCE DATA FOUND
- Source citation: Work cat.: (IT-RoPau)99793: AA.VV. 794, Clavicembalisti italiani (I)-Lp Ekby 30577